000
00511nam a2200169Ia 4500
008
090711s9999 xx 000 0 und d
082
_b
7529
100
_a
अत्रे प्रल्हाद के.
245
_a
घराबाहेर
260
_c
1946
300
_a
104
600
_a
अत्रे प्रल्हाद के.
630
_a
घराबाहेर
700
_a
अत्रे प्रल्हाद के.
730
_a
घराबाहेर
942
_c
BOOK
999
_c
302976
_d
302976